000 00709nam a2200289Ia 4500
005 20260324132938.0
008 008 260324s9999 xx 000 0 eng d
020 _a9780203323090
037 _aEBOOK
040 _aCRL
040 _beng
040 _cCRL
041 _2eng
041 _aeng
084 _qCRL
100 _aOlivier Pétré-Grenouilleau
_91191212
245 0 _aFrom Slave Trade to Empire
245 0 _bEuropean Colonisation of Black Africa 1780s-1880s
260 _bTaylor and Francis
260 _c2004
365 _a
365 _b300
856 _uhttp://www.taylorfrancis.com/books/9780203323090
942 _cEBOOK
999 _c1789789
_d1789789